O conforto no vestuário: Uma interpretacao da ergonomia : (Record no. 20786)

MARC details
000 -CABECERA
campo de control de longitud fija 00904nam a2200241 4500
003 - IDENTIFICADOR DEL NÚMERO DE CONTROL
campo de control OSt
005 - FECHA Y HORA DE LA ÚLTIMA TRANSACCIÓN
campo de control 20260601171018.0
008 - DATOS DE LONGITUD FIJA--INFORMACIÓN GENERAL
campo de control de longitud fija 260508b2005\\\\|||a||||\||||\001\0\por\d
040 ## - FUENTE DE LA CATALOGACIÓN
Centro catalogador/agencia de origen ICI
Lengua de catalogación spa
Centro/agencia transcriptor ICI
Normas de descripción rda
050 ## - SIGNATURA TOPOGRÁFICA DE LA BIBLIOTECA DEL CONGRESO
Número de clasificación TT507
Número de documento/Ítem B377
100 ## - ENTRADA PRINCIPAL--NOMBRE DE PERSONA
Nombre de persona Barreto Martins, Suzana,
Término indicativo de función/relación autor
9 (RLIN) 34317
245 ## - MENCIÓN DE TÍTULO
Título O conforto no vestuário: Uma interpretacao da ergonomia :
Resto del título Metodologia de avaliacao de usabilidade e conforto no vestuário /
Mención de responsabilidad, etc. Suzana, Barreto Martins
264 ## - PRODUCCIÓN, PUBLICACIÓN, DISTRIBUCIÓN, FABRICACIÓN Y COPYRIGHT
Producción, publicación, distribución, fabricación y copyright Brazil :
Nombre del de productor, editor, distribuidor, fabricante [El autor],
Fecha de producción, publicación, distribución, fabricación o copyright 2005
300 ## - DESCRIPCIÓN FÍSICA
Extensión 140 páginas
336 ## - TIPO DE CONTENIDO
Fuente rdacontent
Término de tipo de contenido texto
337 ## - TIPO DE MEDIO
Fuente rdamedia
Nombre/término del tipo de medio sin medio
338 ## - TIPO DE SOPORTE
Fuente rdacarrier
Nombre/término del tipo de soporte volumen
502 ## - NOTA DE TESIS
Nota de tesis Tesis
Tipo de título ( Doctorado em Engenharia de Producao). --
Nombre de la institución que otorga el título Universidade Federal de Santa Catarina,
Año de obtención del título 2005
650 ## - PUNTO DE ACCESO ADICIONAL DE MATERIA--TÉRMINO DE MATERIA
Término de materia o nombre geográfico como elemento de entrada Diseño de modas.
9 (RLIN) 34318
650 ## - PUNTO DE ACCESO ADICIONAL DE MATERIA--TÉRMINO DE MATERIA
Término de materia o nombre geográfico como elemento de entrada Vestuario
Subdivisión general Aspectos ergonómicos.
9 (RLIN) 34319
650 ## - PUNTO DE ACCESO ADICIONAL DE MATERIA--TÉRMINO DE MATERIA
Término de materia o nombre geográfico como elemento de entrada Usabilidad en el diseño.
9 (RLIN) 34320
942 ## - ELEMENTOS DE PUNTO DE ACCESO ADICIONAL (KOHA)
Fuente del sistema de clasificación o colocación Library of Congress Classification
Suprimir en OPAC 1
Tipo de ítem Koha Libros

No items available.